|
|
|
|
| LEADER |
01879cas a2200253 a 4500 |
| 001 |
AALejournalIMF007601 |
| 008 |
230101c9999 xx r poo 0 0eng d |
| 020 |
|
|
|c 5.00 USD
|
| 020 |
|
|
|z 9781451948486
|
| 022 |
|
|
|a 1018-5941
|
| 040 |
|
|
|a BD-DhAAL
|c BD-DhAAL
|
| 100 |
1 |
|
|a Krueger, Thomas.
|
| 245 |
1 |
0 |
|a Why is Unemployment so High At Full Capacity? :
|b The Persistence of Unemployment, the Natural Rate, and Potential Output in the Federal Republic of Germany /
|c Thomas Krueger, David Coe.
|
| 264 |
|
1 |
|a Washington, D.C. :
|b International Monetary Fund,
|c 1990.
|
| 300 |
|
|
|a 1 online resource (40 pages)
|
| 490 |
1 |
|
|a IMF Working Papers
|
| 500 |
|
|
|a <strong>Off-Campus Access:</strong> No User ID or Password Required
|
| 500 |
|
|
|a <strong>On-Campus Access:</strong> No User ID or Password Required
|
| 506 |
|
|
|a Electronic access restricted to authorized BRAC University faculty, staff and students
|
| 520 |
3 |
|
|a The empirical analysis indicates that in the Federal Republic the unemployed primarily influence the relationship between the level of real wages and productivity, rather than the growth of wages. This result suggests a distinction between an equilibrium natural rate of unemployment, which is estimated to have been 3-4 percent in the 1980s, and a quasi-equilibrium unemployment rate closer to actual rates of 7-8 percent. Corresponding to these two concepts of equilibrium unemployment, estimates are presented of alternative concepts of potential output that differ according to whether labor input is consistent with the quasi-equilibrium rate of unemployment or with the natural rate of unemployment.
|
| 538 |
|
|
|a Mode of access: Internet
|
| 700 |
1 |
|
|a Coe, David.
|
| 830 |
|
0 |
|a IMF Working Papers; Working Paper ;
|v No. 1990/101
|
| 856 |
4 |
0 |
|z Full text available on IMF
|u http://elibrary.imf.org/view/journals/001/1990/101/001.1990.issue-101-en.xml
|z IMF e-Library
|